Machine Design, Vol. 1 (Record no. 7752)

000 -LEADER
fixed length control field 00556nam a2200193Ia 4500
008 - FIXED-LENGTH DATA ELEMENTS--GENERAL INFORMATION
fixed length control field 200103s 1971 ||||xx |||||||||||||| ||und||
082 ## - DEWEY DECIMAL CLASSIFICATION NUMBER
Classification number 621.815
Item number PAT
100 ## - MAIN ENTRY--PERSONAL NAME
Personal name Patel, R. C.
245 #0 - TITLE STATEMENT
Title Machine Design, Vol. 1
250 ## - EDITION STATEMENT
Edition statement 9th
260 ## - PUBLICATION, DISTRIBUTION, ETC. (IMPRINT)
Name of publisher, distributor, etc Acharya Book Depot
Date of publication, distribution, etc 1971
Place of publication, distribution, etc Baroda
300 ## - PHYSICAL DESCRIPTION
Extent 373 p.: ill.
504 ## - BIBLIOGRAPHY, ETC. NOTE
Bibliography, etc Includes appendix, mathematical tables and index
650 ## - SUBJECT ADDED ENTRY--TOPICAL TERM
Topical term or geographic name as entry element Machine designing
650 ## - SUBJECT ADDED ENTRY--TOPICAL TERM
Topical term or geographic name as entry element Bending moment
650 ## - SUBJECT ADDED ENTRY--TOPICAL TERM
Topical term or geographic name as entry element Combined bending and twisting moments
700 ## - ADDED ENTRY--PERSONAL NAME
Personal name Pandya, A. D.
Relator term Co-author
942 ## - ADDED ENTRY ELEMENTS (KOHA)
Item type Books
Holdings
Withdrawn status Lost status Source of classification or shelving scheme Damaged status Not for loan Collection code Permanent location Current location Shelving location Date acquired Total Checkouts Full call number Barcode Date last seen Date last borrowed Koha item type Public note
          Non-fiction IMU-MPC Library IMU-MPC Library General Stacks 2020-01-08 2 621.815 PAT MPC1868 2025-03-17 2020-08-18 Books Column - 33
Copyright © 2021 Indian Maritime University, Mumbai Port Campus. All Rights Reserved. Managed & Maintained by Central Library, IMU-Mumbai

webs counters

Powered by Koha